La gran controversia entre Cristo y Satanás: la vida y lucha de los cristianos a través de los siglos
I tiakina i:
| Kaituhi matua: | |
|---|---|
| Hōputu: | Pukapuka |
| Reo: | Pāniora |
| I whakaputaina: |
s.l
Harvestime Books
1999
|
| Putanga: | 1a. ed |
| Rangatū: | HB, 4106
|
| Ngā marau: | |
| Ngā Tūtohu: |
Tāpirihia he Tūtohu
Kāore He Tūtohu, Me noho koe te mea tuatahi ki te tūtohu i tēnei pūkete!
|
MARC
| LEADER | 00000cam a2200000 a 4500 | ||
|---|---|---|---|
| 001 | UCC6210 | ||
| 003 | CL-VaPUC | ||
| 008 | 181130e19990000us |||||||||||||||||spa|d | ||
| 082 | 0 | 4 | |a 261.87 |b WHI |2 21 |
| 100 | 0 | |a White, Ellen Gould |e author |9 600642 | |
| 245 | 1 | 3 | |a La gran controversia entre Cristo y Satanás: la vida y lucha de los cristianos a través de los siglos |
| 250 | |a 1a. ed | ||
| 300 | |a 800 p | ||
| 942 | |c BK | ||
| 945 | |d 20181130 13:53:00 |a dcastane | ||
| 260 | |a s.l |b Harvestime Books |c 1999 | ||
| 650 | 0 | |a Biblia |9 257603 | |
| 650 | 0 | |a Crítica e interpretación |9 255042 | |
| 650 | 0 | |a Adventistas |9 408073 | |
| 583 | |a last modification |c 20181130 13:53:00 |k Rodrigo Vera | ||
| 490 | 0 | |a HB, 4106 | |
| 999 | |c 373204 |d 373202 | ||
| 952 | |0 0 |1 0 |3 erb |4 0 |6 261_870000000000000_WHI_1999 |7 0 |8 C |9 491205 |a BIBCUR |b BIBCUR |i 551763K |o 261.87 WHI 1999 |p 551763K |r 2025-04-22 |w 2019-11-24 |y BK |z Catalogado en:20181130 |k CAC | ||